| 000 | 00870nam a22002537a 4500 | ||
|---|---|---|---|
| 003 | DO-SdBNP | ||
| 005 | 20230904113156.0 | ||
| 006 | a||||fr|||| 00| 0 | ||
| 007 | ta | ||
| 008 | 201027b 1999 dr 00| 0 eng d | ||
| 040 |
_aDO-SdBNP _bspa _cBNPHU _erda |
||
| 082 | 4 |
_222 _bS939c |
|
| 100 | 1 |
_aSuárez, Julio Aníbal _96537 _eautor |
|
| 245 | 1 | 0 |
_aCeleridad de los juicios laborales. / _cJulio Aníbal Suárez, Darío O. Fernández Espinal, M.R. Herrera Carbuccia. |
| 264 |
_aSanto Domingo : _bEscuela Nacional de la Magistratura, _c1999 |
||
| 300 |
_a23 páginas ; _c21 cm. |
||
| 336 |
_2rdacontent _atexto _btxt |
||
| 337 |
_2rdamedia _asin mediación _bn |
||
| 338 |
_2rdacarreir _avolumen _bnc |
||
| 590 | _aInventariado 2023 / MF | ||
| 700 | 1 |
_aFernández Espinal, Darío O. _977043 _eautor |
|
| 700 | 1 |
_aHerrera Carbuccia, M. R. _977044 _eautor |
|
| 942 |
_2ddc _cLF2 |
||
| 999 |
_c48970 _d48970 |
||